Ideas para una historia universal en la clave cosmopolita y otros escritos sobre filosofía de la historia

Saved in:
Bibliografiske detaljer
Format: Bog
Sprog:spansk
Udgivet: Madrid Tecnos 1987
Serier:Colección Clásicos del Pensamiento, 36
Fag:
Tags: Tilføj Tag
Ingen Tags, Vær først til at tagge denne postø!

MARC

LEADER 00000nam a2200000 a 4500
001 UCW9185
003 CL-VaPUC
005 20210526001423.0
008 881215e19870000SP |||||||||||||||||spa|d
999 |c 221215  |d 221213 
040 |c Pontificia Universidad Católica de Valparaíso 
082 0 4 |a 142.3  |b KAN  |2 21 
245 1 0 |a Ideas para una historia universal en la clave cosmopolita y otros escritos sobre filosofía de la historia 
260 |a Madrid  |b Tecnos  |c 1987 
300 |a 100 p 
490 0 |a Colección Clásicos del Pensamiento, 36 
583 |a last modification  |c 19881215 00:00:00  |k Rodrigo Vera 
650 0 |a Filosofía de la historia  |9 265651 
852 |a BIBCUR 
942 |c BK  |2 ddc 
945 |d 19881215 00:00:00 
952 |0 0  |1 0  |4 0  |6 142_300000000000000_KAN_1987  |7 0  |8 A  |9 214290  |a BIBEDU  |b BIBEDU  |d 2019-11-15  |i 2829223  |o 142.3 KAN 1987  |p 2829223  |r 2019-11-15  |w 2019-11-15  |y BK  |k FIL 
952 |0 0  |1 0  |4 0  |6 142_300000000000000_KAN_1987  |7 0  |8 A  |9 214291  |a BIBEDU  |b BIBEDU  |d 2019-11-15  |i 3088847  |o 142.3 KAN 1987  |p 3088847  |r 2019-11-15  |w 2019-11-15  |y BK  |k FIL